000 00320nam a2200121Ia 4500
008 240624s9999 xx 000 0 und d
041 _aeng
082 _a005.133 HOL
100 _aHOLZNER STEVEN
245 _aVISUALBASIC 6 PROGRAMMING BLACK BOOK
260 _c2004
_aNew Delhi
_bWiley Dreamtech India
300 _axxxv, : 1095
999 _c962
_d962